<?xml version="1.0" encoding="UTF-8"?>
<record
    xmlns:xsi="http://www.w3.org/2001/XMLSchema-instance"
    xsi:schemaLocation="http://www.loc.gov/MARC21/slim http://www.loc.gov/standards/marcxml/schema/MARC21slim.xsd"
    xmlns="http://www.loc.gov/MARC21/slim">

  <leader>01036nam a22002537a 4500</leader>
  <controlfield tag="005">20170124103204.0</controlfield>
  <datafield tag="010" ind1=" " ind2=" ">
    <subfield code="a">B-056944</subfield>
  </datafield>
  <datafield tag="020" ind1=" " ind2=" ">
    <subfield code="c">550.00</subfield>
    <subfield code="a">818593617</subfield>
  </datafield>
  <datafield tag="035" ind1=" " ind2=" ">
    <subfield code="a">B-056944</subfield>
  </datafield>
  <datafield tag="037" ind1=" " ind2=" ">
    <subfield code="b">Cen Lib/Ret</subfield>
  </datafield>
  <datafield tag="040" ind1=" " ind2=" ">
    <subfield code="a">DPL</subfield>
    <subfield code="b">HN</subfield>
  </datafield>
  <datafield tag="082" ind1=" " ind2=" ">
    <subfield code="a">215</subfield>
    <subfield code="b">&#x935;&#x93E;&#x937;&#x94D;&#x923;&#x947;&#x92F;</subfield>
  </datafield>
  <datafield tag="100" ind1=" " ind2=" ">
    <subfield code="a">&#x935;&#x93E;&#x937;&#x94D;&#x923;&#x947;&#x92F;, &#x921;&#x940;.&#x938;&#x940;.</subfield>
    <subfield code="9">93233</subfield>
  </datafield>
  <datafield tag="245" ind1=" " ind2=" ">
    <subfield code="a">&#x939;&#x93F;&#x928;&#x94D;&#x926;&#x942; &#x935;&#x93F;&#x91C;&#x94D;&#x91E;&#x93E;&#x928; &#x90F;&#x935;&#x902; &#x935;&#x93F;&#x927;&#x93F; /</subfield>
    <subfield code="c">&#x921;&#x940;.&#x938;&#x940;.&#x935;&#x93E;&#x937;&#x94D;&#x923;&#x947;&#x92F;</subfield>
  </datafield>
  <datafield tag="246" ind1=" " ind2=" ">
    <subfield code="a">Hindu vigyan aur vidhi /</subfield>
    <subfield code="b">by D.C.Vasharney </subfield>
  </datafield>
  <datafield tag="260" ind1=" " ind2=" ">
    <subfield code="a">&#x932;&#x916;&#x928;&#x90A; </subfield>
    <subfield code="b">&#x928;&#x94D;&#x92F;&#x942; &#x930;&#x949;&#x92F;&#x932; &#x92C;&#x941;&#x915; </subfield>
    <subfield code="c">2001</subfield>
  </datafield>
  <datafield tag="270" ind1=" " ind2=" ">
    <subfield code="b">&#x932;&#x916;&#x928;&#x90A; </subfield>
    <subfield code="a">32/16, &#x935;&#x93E;&#x932;&#x94D;&#x92E;&#x940;&#x915;&#x93F; &#x92E;&#x93E;&#x930;&#x94D;&#x917;, &#x932;&#x93E;&#x932;&#x92C;&#x93E;&#x917;, &#x939;&#x91C;&#x930;&#x924;&#x917;&#x902;&#x91C; </subfield>
    <subfield code="e">226001</subfield>
  </datafield>
  <datafield tag="300" ind1=" " ind2=" ">
    <subfield code="a">xi,279&#x92A;&#x943;. </subfield>
    <subfield code="c">20&#x938;&#x947;&#x92E;&#x940;(&#x938;&#x91C;&#x93F;&#x932;&#x94D;&#x926;)</subfield>
  </datafield>
  <datafield tag="650" ind1=" " ind2=" ">
    <subfield code="a">&#x939;&#x93F;&#x928;&#x94D;&#x926;&#x942; &#x935;&#x93F;&#x927;&#x93F; </subfield>
    <subfield code="9">93234</subfield>
  </datafield>
  <datafield tag="650" ind1=" " ind2=" ">
    <subfield code="a">&#x939;&#x93F;&#x928;&#x94D;&#x926;&#x942; -- &#x927;&#x930;&#x94D;&#x92E; </subfield>
    <subfield code="9">93235</subfield>
  </datafield>
  <datafield tag="650" ind1=" " ind2=" ">
    <subfield code="a">Hindu Law</subfield>
    <subfield code="9">11016</subfield>
  </datafield>
  <datafield tag="650" ind1=" " ind2=" ">
    <subfield code="a">Hindu religion</subfield>
    <subfield code="9">93236</subfield>
  </datafield>
  <datafield tag="942" ind1=" " ind2=" ">
    <subfield code="2">ddc</subfield>
    <subfield code="c">HN</subfield>
    <subfield code="h">215</subfield>
    <subfield code="m">&#x935;&#x93E;&#x937;&#x94D;&#x923;&#x947;&#x92F;</subfield>
  </datafield>
  <datafield tag="999" ind1=" " ind2=" ">
    <subfield code="c">120884</subfield>
    <subfield code="d">120884</subfield>
  </datafield>
  <datafield tag="952" ind1=" " ind2=" ">
    <subfield code="0">0</subfield>
    <subfield code="1">0</subfield>
    <subfield code="4">0</subfield>
    <subfield code="7">0</subfield>
    <subfield code="a">L</subfield>
    <subfield code="b">L</subfield>
    <subfield code="d">2015-09-29</subfield>
    <subfield code="e">Cen Lib/Ret</subfield>
    <subfield code="g">550.00</subfield>
    <subfield code="l">0</subfield>
    <subfield code="o">215 &#x935;&#x93E;&#x937;&#x94D;&#x923;&#x947;&#x92F;</subfield>
    <subfield code="p">B-056944</subfield>
    <subfield code="r">2015-09-29 00:00:00</subfield>
    <subfield code="t">1</subfield>
    <subfield code="v">550.00</subfield>
    <subfield code="w">2015-09-29</subfield>
    <subfield code="y">HN</subfield>
  </datafield>
</record>
